| 000 | 01115nam a2200241 a 4500 | ||
|---|---|---|---|
| 008 | 120416s2000 ||||||||||||||||| || u | ||
| 020 | _a0030258723 | ||
| 050 | _aHG 4026 Bes | ||
| 100 | _aBesley, Scott | ||
| 245 | 1 | 0 | _aEssentials of managerial finance (12th Ed.) |
| 250 | _a12th ed. | ||
| 260 |
_aSouth Melbourne: _bThomson/Gale _c2000 |
||
| 300 | _axxviii, 809 p. : col. ill. | ||
| 350 | _a0.00 | ||
| 490 | _aThe Dryden Press series in finance | ||
| 650 | _aCORPORATIONS | ||
| 650 | _aCORPORATIONS--FINANCE | ||
| 700 | _aBrigham, Eugene F., 1930- | ||
| 995 |
_aSHORT LOAN BOOKS _D0.00 _e736694 _FCBU-MAIN LIBRARY (Kitwe) _H2 _I35.00 _jHG 4026 Bes _M2 _UAVAILABLE _y40628 _ZShort Loan Collection |
||
| 995 |
_aSHORT LOAN BOOKS _D0.00 _e736693 _FCBU-MAIN LIBRARY (Kitwe) _H1 _I35.00 _jHG 4026 Bes _M1 _UAVAILABLE _y40625 _ZShort Loan Collection |
||
| 995 |
_aSHORT LOAN BOOKS _D0.00 _e733692 _FCBU-MAIN LIBRARY (Kitwe) _H4 _I35.00 _jHG 4026 Bes _M4 _UAVAILABLE _y40630 _ZShort Loan Collection |
||
| 995 |
_aSHORT LOAN BOOKS _D0.00 _e736691 _FCBU-MAIN LIBRARY (Kitwe) _H3 _I35.00 _jHG 4026 Bes _M3 _UAVAILABLE _y40627 _ZShort Loan Collection |
||
| 999 |
_c62843 _d62843 |
||